| Tag |
First Indicator |
Second Indicator |
Subfields |
| LEADER |
00000cgm a2200000Mi 4500 |
| 001 |
in00005540310 |
| 006 |
m o c |
| 007 |
cr |n||||||||a |
| 007 |
vz |za|z| |
| 008 |
160614s2010 nyu007 e o vleng d |
| 005 |
20241201225808.5 |
| 035 |
|
|
|a (OCoLC)ocn954042084
|
| 040 |
|
|
|a ALSTP
|b eng
|e rda
|e pn
|c ALSTP
|d OCLCO
|d OCLCF
|d MERER
|d OCLCQ
|d OCLCO
|d CAUOI
|d INT
|d OCL
|d OCLCQ
|d WYU
|d OCLCO
|d NUI
|
| 019 |
|
|
|a 1430861377
|a 1443958727
|
| 035 |
|
|
|a (OCoLC)954042084
|z (OCoLC)1430861377
|z (OCoLC)1443958727
|
| 049 |
|
|
|a TXAM
|
| 245 |
0 |
0 |
|a Sunday morning.
|p Common ground /
|c producer/editor, Patrick Lee.
|
| 246 |
1 |
0 |
|a Common ground
|
| 264 |
|
1 |
|a New York, NY :
|b Columbia Broadcasting System,
|c 2010.
|
| 300 |
|
|
|a 1 online resource (7 min.)
|
| 306 |
|
|
|a 000717
|
| 336 |
|
|
|a two-dimensional moving image
|b tdi
|2 rdacontent
|
| 337 |
|
|
|a video
|b v
|2 rdamedia
|
| 337 |
|
|
|a computer
|b c
|2 rdamedia
|
| 338 |
|
|
|a other
|b vz
|2 rdacarrier
|
| 338 |
|
|
|a online resource
|b cr
|2 rdacarrier
|
| 347 |
|
|
|a data file
|2 rda
|
| 490 |
0 |
|
|a Academic Video Online
|
| 500 |
|
|
|a Title from resource description page (viewed June 14, 2016).
|
| 520 |
|
|
|a This segment of Sunday Morning is about the similarities in Christian, Jewish, and Muslim beliefs.
|
| 546 |
|
|
|a In English.
|
| 650 |
|
0 |
|a Religions
|x Relations.
|
| 650 |
|
6 |
|a Religions
|x Relations.
|
| 650 |
|
7 |
|a Interfaith relations.
|2 fast
|0 (OCoLC)fst01353343
|
| 650 |
|
7 |
|a Religions.
|2 fast
|0 (OCoLC)fst01093898
|
| 655 |
|
4 |
|a Online media.
|
| 655 |
|
7 |
|a Television news programs.
|2 fast
|0 (OCoLC)fst01710455
|
| 655 |
|
7 |
|a Television news programs.
|2 lcgft
|
| 655 |
|
7 |
|a Téléjournaux.
|2 rvmgf
|
| 700 |
1 |
|
|a Lee, Patrick,
|e producer.
|
| 700 |
1 |
|
|a Doane, Seth,
|e reporter.
|
| 710 |
2 |
|
|a CBS News,
|e production company.
|
| 856 |
4 |
0 |
|u http://proxy.library.tamu.edu/login?url=https://www.aspresolver.com/aspresolver.asp?MARC;3166580
|z Connect to this streaming video (Alexander Street Press)
|t 0
|
| 955 |
|
|
|a Alexander Street Press subscription streaming video
|
| 994 |
|
|
|a 92
|b TXA
|
| 999 |
f |
f |
|s e222547e-a4fe-4ffd-965f-ec51de720b6f
|i e29c260a-08f0-483f-9269-581a65aee4f6
|t 0
|
| 952 |
f |
f |
|a Texas A&M University
|b College Station
|c Electronic Resources
|d Available Online
|t 0
|h Library of Congress classification
|
| 998 |
f |
f |
|t 0
|l Available Online
|